Desarrollo de un modulo de UART para la CPUCR

Guardat en:
Dades bibliogràfiques
Autor principal: Herrera Rojas, Juan Carlos
Format: Llibre
Publicat: [San José, Costa Rica] 2003
Matèries:
Etiquetes: Afegir etiqueta
Sense etiquetes, Sigues el primer a etiquetar aquest registre!

MARC

LEADER 00000nam a2200000Ia 4500
003 009196
005 20221231144146.0
008 140114s2003 cr a m 000 ||s d
040 |c cru CEDI 
090 |a TFG 4736 
100 |a Herrera Rojas, Juan Carlos  |9 5628 
245 |a Desarrollo de un modulo de UART para la CPUCR 
260 |c 2003  |a  [San José, Costa Rica] 
300 |a vii, 72 hojas : ilustraciones (algunas a color)  
500 |a  Proyecto de graduación (bachillerato en ingeniería eléctrica)--Universidad de Costa Rica. Facultad de Ingeniería. Escuela de Ingeniería Eléctrica 
650 |x CPUCR (MICROPROCESADOR)   |x DISEÑO LOGICO   |x CIRCUITOS INTEGRADOS DIGITALES   |x VERILOG (LENGUAJE PARA DESCRIPCION DE EQUIPO DE COMPUTACION)   |x SISTEMAS DE TRANSMISION DE DATOS  |9 6918 
942 |c TFG 
999 |c 17745  |d 17745